Topics in the Study of Life /

Shranjeno v:
Bibliografske podrobnosti
Drugi avtorji: Dethier, Vincent G., Lash, James W., Lewontin, Richard C.
Format: Sách giấy
Jezik:English
Izdano: New York : Harper and Row, 1971
Oznake: Označite
Brez oznak, prvi označite!
Thư viện lưu trữ: Thư viện Trường Đại học Đà Lạt
LEADER 00639nam a2200253 4500
001 DLU020000592
005 ##12/23/1998
041 # # |a eng 
082 # # |a 570  |b Top 
245 # # |a Topics in the Study of Life /  |c Vincent G. Dethier, James W. Lash, Richard C. Lewontin 
260 # # |a New York :  |b Harper and Row,  |c 1971 
300 # # |a X, 482 tr.;  |c 28 cm. 
700 # # |a Dethier, Vincent G. 
700 # # |a Lash, James W. 
700 # # |a Lewontin, Richard C. 
992 # # |a 20000 
994 # # |a DLU 
900 # # |a False 
911 # # |a Administrator 
925 # # |a G 
926 # # |a A 
927 # # |a SH 
980 # # |a Thư viện Trường Đại học Đà Lạt